| 000 | 00958nam a2200277 a 4500 | ||
|---|---|---|---|
| 001 | 000011572 | ||
| 003 | OSt | ||
| 005 | 20240412074227.0 | ||
| 008 | 091021s2002 dr ac r 000 f spa d | ||
| 020 | _a999348234X | ||
| 040 |
_aDO-SdBNP _bspa _cDO-SdBNP |
||
| 082 |
_aRD863.4 _bC422s, 2002 _222 |
||
| 100 | 1 |
_aCestero, Tulio M., _q(Tulio Manuel), _d1877-1955 _91698 |
|
| 245 | 1 | 3 |
_aLa Sangre : _buna vida bajo la tiranía / _cTulio M. Cestero. |
| 250 | _aEd. escolar | ||
| 260 |
_aSanto Domingo : _bABC Editorial, _c2002. |
||
| 300 |
_a111 p. : _bil., retr. ; _c23 cm. |
||
| 500 | _aIncluye referencias bibliográficas y notas al pie de las páginas. | ||
| 500 | _aIncluye datos biográficos del autor en la solapa de la cubierta | ||
| 590 | _aInventariado, 2019/BT | ||
| 650 | 0 |
_aNovela histórica dominicana. _9860 |
|
| 650 | 0 |
_aLiteratura dominicana. _967 |
|
| 910 | _aValidado. Control de calidad. MMOLINA | ||
| 942 |
_2ddc _cLBS1 |
||
| 956 | _aVMateo | ||
| 999 |
_c11267 _d11267 |
||